UM Logo

A high efficiency and high power density integrated two-stage DC-DC converter based on bipolar symmetric phase shift modulation strategy / (Record no. 19030)

MARC details
000 -LEADER
fixed length control field 01012nam a22002297a 4500
003 - CONTROL NUMBER IDENTIFIER
control field OSt
005 - DATE AND TIME OF LATEST TRANSACTION
control field 20250911175839.0
008 - FIXED-LENGTH DATA ELEMENTS--GENERAL INFORMATION
fixed length control field 240208b ||||| |||| 00| 0 eng d
040 ## - CATALOGING SOURCE
Transcribing agency 0
082 ## - DEWEY DECIMAL CLASSIFICATION NUMBER
Classification number DPer 621.381 In821 April 2022 v. 37 n. 4
100 ## - MAIN ENTRY--PERSONAL NAME
Personal name Wang, Zhiwei.
Relator term author.
9 (RLIN) 51993
245 ## - TITLE STATEMENT
Title A high efficiency and high power density integrated two-stage DC-DC converter based on bipolar symmetric phase shift modulation strategy /
Statement of responsibility, etc. Zhiwei Wang, Zongheng Wu, Teng Liu, Cai Chen, and Yong Kang.
260 ## - PUBLICATION, DISTRIBUTION, ETC. (IMPRINT)
Place of publication, distribution, etc. New York ;
Name of publisher, distributor, etc. The Institute of Electrical and Electronics Engineers, Inc. ,
Date of publication, distribution, etc. April 2022.
300 ## - PHYSICAL DESCRIPTION
Extent Volume 37, pages 4358-4373 :
Other physical details illustration ;
Dimensions 28 cm.
500 ## - GENERAL NOTE
General note IEEE Transaction on Power Electronics, vol. 37, no. 4, pages 4358-4373, April 2022.
700 ## - ADDED ENTRY--PERSONAL NAME
Personal name Wang, Zhiwei.
Relator term author.
9 (RLIN) 51993
700 ## - ADDED ENTRY--PERSONAL NAME
Personal name Wu, Zongheng.
Relator term author.
9 (RLIN) 51994
700 ## - ADDED ENTRY--PERSONAL NAME
Personal name Liu, Teng.
Relator term author.
9 (RLIN) 51995
700 ## - ADDED ENTRY--PERSONAL NAME
Personal name Chen, Cai.
Relator term author.
9 (RLIN) 51996
700 ## - ADDED ENTRY--PERSONAL NAME
Personal name Kang, Yong.
Relator term author.
9 (RLIN) 51997
942 ## - ADDED ENTRY ELEMENTS (KOHA)
Source of classification or shelving scheme Dewey Decimal Classification
Koha item type Periodicals
Holdings
Withdrawn status Lost status Source of classification or shelving scheme Damaged status Not for loan Collection code Home library Current library Date acquired Total Checkouts Full call number Date last seen Price effective from Koha item type Public note
    Dewey Decimal Classification     Periodicals UM Digos College - LIC UM Digos College - LIC 02/08/2024   DPer 621.381 In821 April 2022 v. 37 n. 4 02/08/2024 02/08/2024 Periodicals Periodical Article